The end and the beginning (Record no. 68147)

MARC details
000 -LEADER
fixed length control field 04362nam a2200469 i 4500
008 - FIXED-LENGTH DATA ELEMENTS--GENERAL INFORMATION
fixed length control field 121120t20102010enkc sb 000 0 eng d
020 ## - INTERNATIONAL STANDARD BOOK NUMBER
International Standard Book Number 9781906924294
Qualifying information (pdf)
020 ## - INTERNATIONAL STANDARD BOOK NUMBER
Canceled/invalid ISBN 9781906924270 (Paperback)
020 ## - INTERNATIONAL STANDARD BOOK NUMBER
Canceled/invalid ISBN 9781906924287 (Hardback)
035 ## - SYSTEM CONTROL NUMBER
System control number (OCoLC)798294479
040 ## - CATALOGING SOURCE
Original cataloging agency StSaUL
Language of cataloging eng
Description conventions rda
041 1# - LANGUAGE CODE
Language code of text/sound track or separate title eng
Language code of original ger
100 1# - MAIN ENTRY--PERSONAL NAME
Personal name Zur Mühlen, Hermynia,
Dates associated with a name 1883-1951,
Relator term author.
240 10 - UNIFORM TITLE
Uniform title Ende und Anfang.
Language of a work English
245 14 - TITLE STATEMENT
Title The end and the beginning
Medium [electronic resource] :
Remainder of title the book of my life /
Statement of responsibility, etc. by Hermynia Zur Mühlen; with notes and a tribute by Lionel Gossman.
264 #1 - PRODUCTION, PUBLICATION, DISTRIBUTION, MANUFACTURE, AND COPYRIGHT NOTICE
Place of production, publication, distribution, manufacture Cambridge :
Name of producer, publisher, distributor, manufacturer Open Book Publishers,
Date of production, publication, distribution, manufacture, or copyright notice [2010]
264 #4 - PRODUCTION, PUBLICATION, DISTRIBUTION, MANUFACTURE, AND COPYRIGHT NOTICE
Date of production, publication, distribution, manufacture, or copyright notice ©2010
300 ## - PHYSICAL DESCRIPTION
Extent 1 online resource (295 pages) :
Other physical details portrait.
336 ## - CONTENT TYPE
Content type term text
Content type code txt
Source rdacontent
337 ## - MEDIA TYPE
Media type term computer
Media type code c
Source rdamedia
338 ## - CARRIER TYPE
Carrier type term online resource
Carrier type code cr
Source rdacarrier
500 ## - GENERAL NOTE
General note "Translated, annotated and with an introduction by Lionel Gossman"--Front cover and publisher's website.
500 ## - GENERAL NOTE
General note Available through Open Book Publishers.
500 ## - GENERAL NOTE
General note Originally published in German as: Ende und Anfang : ein Lebensbuch / von Hermynia zur Mühlen. Berlin : S. Fischer, 1929.
504 ## - BIBLIOGRAPHY, ETC. NOTE
Bibliography, etc. note "Works by Hermynia zur Mühlen in English translation": page 297.
504 ## - BIBLIOGRAPHY, ETC. NOTE
Bibliography, etc. note Includes bibliographical footnotes.
505 0# - FORMATTED CONTENTS NOTE
Formatted contents note Translator's Introductory Note -- 1. The End and the Beginning: The Book of My Life / Hermynia Zur Mühlen -- 2. 1950 Supplement to Ende und Anfang / Hermynia Zur Mühlen -- 3. Notes on persons and events mentioned in the memoir -- 4. Remembering Hermynia Zur Mühlen: A Tribute / Lionel Gossman -- List of works by Hermynia Zur Mühlen in English translation.
520 ## - SUMMARY, ETC.
Summary, etc. "First published in Germany in 1929, The End and the Beginning is a lively memoir of a vanished world and of a rebellious young woman's struggle to achieve independence. Born in 1883 into a distinguished and wealthy aristocratic family of the old Austro-Hungarian Empire, Hermynia Zur Mühlen spent much of her childhood traveling in Europe and North Africa with her diplomat father. After five years on her German husband's estate in czarist Russia she broke with both her family and her husband and set out on a precarious career as a professional writer committed to socialism. As well as translating many leading contemporary authors, notably Upton Sinclair, into German, she herself published an impressive number of politically engaged novels, detective stories, short stories, and children's fairy tales. Because of her outspoken opposition to National Socialism, she had to flee her native Austria in 1938 and seek refuge in England, where she died, virtually penniless, in 1951. This revised and corrected translation of Zur Mühlen's memoir-with extensive notes and an essay on the author by Lionel Gossman-will appeal especially to readers interested in women's history, World War I, and the culture and politics of the late nineteenth and early twentieth centuries. Seven free online supplements are also provided, containing additional original material including a selection of newly translated stories by Zur Mühlen, biographical essays by Gossman and a portfolio of images. The Federal Ministry of Education, Art, and Culture, Department of Literature (/BMUKK-Kultur; Literaturabteilung/), Vienna, Austria, has generously contributed towards the publication of this volume."--Publisher's website.
538 ## - SYSTEM DETAILS NOTE
System details note Mode of access: World Wide Web.
540 ## - TERMS GOVERNING USE AND REPRODUCTION NOTE
Terms governing use and reproduction The End and the Beginning: The Book of My Life is licensed under a Creative Commons Attribution-Noncommercial-No Derivative Works 2.0 UK: England & Wales License. For more detailed information consult the publisher's website.
546 ## - LANGUAGE NOTE
Language note Translated from the German.
600 10 - SUBJECT ADDED ENTRY--PERSONAL NAME
Personal name Zur Mühlen, Hermynia,
Dates associated with a name 1883-1951.
650 #0 - SUBJECT ADDED ENTRY--TOPICAL TERM
Topical term or geographic name entry element Authors, Austrian
Chronological subdivision 20th century
Form subdivision Biography.
651 #0 - SUBJECT ADDED ENTRY--GEOGRAPHIC NAME
Geographic name Austria
General subdivision Social conditions
Chronological subdivision 19th century.
651 #0 - SUBJECT ADDED ENTRY--GEOGRAPHIC NAME
Geographic name Europe, Central
General subdivision Social conditions
Chronological subdivision 20th century.
700 1# - ADDED ENTRY--PERSONAL NAME
Personal name Gossman, Lionel,
Relator term translator,
-- editor,
-- writer of introduction.
710 2# - ADDED ENTRY--CORPORATE NAME
Corporate name or jurisdiction name as entry element Open Book Publishers,
Relator term publisher.
856 40 - ELECTRONIC LOCATION AND ACCESS
Uniform Resource Identifier <a href="http://doi.org/10.11647/OBP.0010">http://doi.org/10.11647/OBP.0010</a>
Public note Connect to e-book
856 42 - ELECTRONIC LOCATION AND ACCESS
Uniform Resource Identifier <a href="http://www.openbookpublishers.com/shopimages/products/cover/65 ">http://www.openbookpublishers.com/shopimages/products/cover/65 </a>
Public note Connect to cover image
942 ## - ADDED ENTRY ELEMENTS (KOHA)
Koha item type E-Book
Holdings
Withdrawn status Damaged status Not for loan Home library Current library Date acquired Total Checkouts Date last seen Price effective from Koha item type
      Open Book Publisers Open Book Publisers 12/12/2022   12/12/2022 12/12/2022 E-Book

University of Rizal System
Email us at univlibservices@urs.edu.ph

Visit our Website www.urs.edu.ph/library